Brazil Players Biggest Transfers - Statistics

General Stats
  • This quiz has been taken 133 times
  • The average score is 151 of 250
Answer Stats
Player From Joined % Correct
LW Neymar 17/18 Barcelona Paris Saint-Germain
100%
LW Neymar 23/24 Paris Saint-Germain Al-Hilal
100%
LW Neymar 13/14 Santos Barcelona
100%
RW Antony 22/23 Ajax Manchester United
98%
RW Antony 20/21 Sao Paulo Ajax
98%
LW Philippe Coutinho 17/18 Liverpool Barcelona
98%
LW Philippe Coutinho 22/23 Barcelona Aston Villa
98%
LW Philippe Coutinho 12/13 Inter Milan Liverpool
98%
GK Alisson Becker 18/19 Roma Liverpool
97%
DM Casemiro 22/23 Real Madrid Manchester United
97%
DM Casemiro 15/16 Porto Real Madrid
97%
CB David Luiz 14/15 Chelsea Paris Saint-Germain
96%
CB David Luiz 16/17 Paris Saint-Germain Chelsea
96%
CB David Luiz 10/11 Benfica Chelsea
96%
AM Oscar 16/17 Chelsea Shanghai SIPG
96%
AM Oscar 12/13 Internacional Chelsea
96%
ST Richarlison 22/23 Everton Tottenham Hotspur
96%
ST Richarlison 18/19 Watford Everton
96%
ST Richarlison 17/18 Fluminense Watford
96%
CB Thiago Silva 12/13 Milan Paris Saint-Germain
96%
CM Douglas Luiz 19/20 Manchester City Aston Villa
95%
CM Douglas Luiz 17/18 Vasco da Gama Manchester City
95%
ST Roberto Firmino 15/16 Hoffenheim Liverpool
95%
ST Ronaldo 02/03 Inter Milan Real Madrid
95%
ST Ronaldo 97/98 Barcelona Inter Milan
95%
ST Ronaldo 96/97 PSV Barcelona
95%
AM Andre Luiz 02/03 Tenerife Paris Saint-Germain
93%
GK Ederson 17/18 Benfica Manchester City
93%
CM Ederson 22/23 Salernitana Atalanta
93%
AM Ederson 08/09 Nice Lyon
93%
DM Fabinho 23/24 Liverpool Al-Ittihad
93%
DM Fabinho 18/19 Monaco Liverpool
93%
ST Gabriel Jesus 22/23 Manchester City Arsenal
93%
ST Gabriel Jesus 16/17 Palmeiras Manchester City
93%
AM Kaka 09/10 Milan Real Madrid
93%
RB Dani Alves 08/09 Sevilla Barcelona
92%
CM Fred 18/19 Shakhtar Donetsk Manchester United
92%
ST Fred 05/06 Cruzeiro Lyon
92%
CM Fred 13/14 Internacional Shakhtar Donetsk
92%
DM Lucas Silva 14/15 Cruzeiro Real Madrid
92%
RW Raphinha 22/23 Leeds United Barcelona
92%
RW Raphinha 19/20 Sporting CP Rennes
92%
RW Raphinha 20/21 Rennes Leeds United
92%
LW Vinicius Junior 18/19 Flamengo Real Madrid
92%
ST Carlos Vinicius 19/20 Napoli Benfica
91%
ST Hulk 16/17 Zenit Shanghai SIPG
91%
ST Hulk 12/13 Porto Zenit
91%
ST Hulk 08/09 Tokyo Verdy Porto
91%
LW Ronaldinho 03/04 Paris Saint-Germain Barcelona
91%
LW Ronaldinho 08/09 Barcelona Milan
91%
RW Rodrygo 19/20 Santos Real Madrid
90%
CM Arthur Melo 20/21 Barcelona Juventus
89%
CM Arthur Melo 18/19 Gremio Barcelona
89%
LW Robinho 08/09 Real Madrid Manchester City
89%
LW Robinho 05/06 Santos Real Madrid
89%
LW Robinho 10/11 Manchester City Milan
89%
DM Fernandinho 13/14 Shakhtar Donetsk Manchester City
88%
AM Lucas Paqueta 22/23 Lyon West Ham United
88%
AM Lucas Paqueta 18/19 Flamengo Milan
88%
AM Lucas Paqueta 20/21 Milan Lyon
88%
LW Willian 13/14 Anzhi Makhachkala Chelsea
88%
LW Willian 12/13 Shakhtar Donetsk Anzhi Makhachkala
88%
LW Willian 07/08 Corinthians Shakhtar Donetsk
88%
RW Douglas Costa 18/19 Bayern Munich Juventus
87%
RW Douglas Costa 15/16 Shakhtar Donetsk Bayern Munich
87%
CB Eder Militao 19/20 Porto Real Madrid
87%
ST Jo 08/09 CSKA Moscow Manchester City
86%
ST Jo 17/18 Corinthians Nagoya Grampus
86%
ST Afonso Alves 07/08 Heerenveen Middlesbrough
85%
ST Afonso Alves 09/10 Middlesbrough Al-Sadd
85%
CM Paulinho 18/19 Barcelona Guangzhou Evergrande
85%
CM Paulinho 17/18 Guangzhou Evergrande Barcelona
85%
CM Paulinho 13/14 Corinthians Tottenham Hotspur
85%
LW Paulinho 18/19 Vasco da Gama Bayer Leverkusen
85%
CM Paulinho 15/16 Tottenham Hotspur Guangzhou Evergrande
85%
RB Danilo 19/20 Manchester City Juventus
84%
RB Danilo 15/16 Porto Real Madrid
84%
RB Danilo 17/18 Real Madrid Manchester City
84%
CM Danilo 22/23 Palmeiras Nottingham Forest
84%
RB Danilo 11/12 Santos Porto
84%
CB Diego Carlos 22/23 Sevilla Aston Villa
84%
CB Diego Carlos 19/20 Nantes Sevilla
84%
RW Lucas Moura 12/13 Sao Paulo Paris Saint-Germain
84%
RW Lucas Moura 17/18 Paris Saint-Germain Tottenham Hotspur
84%
DM Bruno Guimaraes 21/22 Lyon Newcastle United
83%
DM Bruno Guimaraes 19/20 Athletico Paranaense Lyon
83%
CB Gabriel Magalhaes 20/21 Lille Arsenal
83%
RW Malcom 23/24 Zenit Al-Hilal
83%
RW Malcom 19/20 Barcelona Zenit
83%
RW Malcom 18/19 Bordeaux Barcelona
83%
CB Marquinhos 13/14 Roma Paris Saint-Germain
83%
LB Alex Sandro 15/16 Porto Juventus
80%
CB Gabriel Paulista 14/15 Villarreal Arsenal
80%
CB Gabriel Paulista 17/18 Arsenal Valencia
80%
RW Felipe Anderson 18/19 Lazio West Ham United
79%
LB Filipe Luis 14/15 Atletico Madrid Chelsea
79%
LB Filipe Luis 15/16 Chelsea Atletico Madrid
79%
LB Filipe Luis 10/11 Deportivo La Coruna Atletico Madrid
79%
CM Joelinton 19/20 Hoffenheim Newcastle United
79%
CM Anderson 07/08 Porto Manchester United
78%
RW Angelo Gabriel 23/24 Santos Chelsea
78%
CM Ramires 15/16 Chelsea Jiangsu Suning
78%
CM Ramires 10/11 Benfica Chelsea
78%
SS Rivaldo 97/98 Deportivo La Coruna Barcelona
78%
ST Sonny Anderson 97/98 Monaco Barcelona
78%
ST Sonny Anderson 99/00 Barcelona Lyon
78%
GK Norberto Neto 19/20 Valencia Barcelona
77%
CB Bremer 22/23 Torino Juventus
76%
RB Emerson Royal 21/22 Barcelona Tottenham Hotspur
76%
RB Emerson Royal 21/22 Real Betis Barcelona
76%
RB Emerson Royal 18/19 Atletico Mineiro Barcelona
76%
ST Endrick 24/25 Palmeiras Real Madrid
76%
ST Matheus Cunha 23/24 Atletico Madrid Wolverhampton Wanderers
75%
ST Matheus Cunha 21/22 Hertha Berlin Atletico Madrid
75%
ST Matheus Cunha 19/20 RB Leipzig Hertha Berlin
75%
ST Matheus Cunha 18/19 Sion RB Leipzig
75%
DM Fernando 14/15 Porto Manchester City
72%
DM Fernando 16/17 Sampdoria Spartak Moscow
72%
DM Fernando 13/14 Gremio Shakhtar Donetsk
72%
ST Joao Pedro 23/24 Watford Brighton & Hove Albion
70%
ST Joao Pedro 19/20 Fluminense Watford
70%
LB Alex Telles 20/21 Porto Manchester United
65%
CB Felipe 19/20 Porto Atletico Madrid
65%
ST Adriano 03/04 Parma Inter Milan
64%
ST Adriano 02/03 Inter Milan Parma
64%
ST Adriano 01/02 Flamengo Inter Milan
64%
DM Allan 20/21 Napoli Everton
64%
DM Allan 15/16 Udinese Napoli
64%
AM Diego 09/10 Werder Bremen Juventus
64%
AM Diego 10/11 Juventus Wolfsburg
64%
ST Luiz Adriano 15/16 Shakhtar Donetsk Milan
64%
ST Pedro 20/21 Fiorentina Flamengo
64%
ST Pedro 19/20 Fluminense Fiorentina
64%
DM Emerson 04/05 Roma Juventus
63%
DM Emerson 00/01 Bayer Leverkusen Roma
63%
DM Emerson 06/07 Juventus Real Madrid
63%
LB Renan Lodi 19/20 Athletico Paranaense Atletico Madrid
63%
LB Renan Lodi 23/24 Atletico Madrid Marseille
63%
ST Vitor Roque 24/25 Athletico Paranaense Barcelona
63%
ST Gabriel Barbosa 16/17 Santos Inter Milan
61%
ST Gabriel Barbosa 19/20 Inter Milan Flamengo
61%
CB Lucio 04/05 Bayer Leverkusen Bayern Munich
61%
ST Alexandre Pato 07/08 Internacional Milan
59%
ST Alexandre Pato 16/17 Villarreal Tianjin Tianhai
59%
ST Alexandre Pato 12/13 Milan Corinthians
59%
DM Luiz Gustavo 10/11 Hoffenheim Bayern Munich
58%
DM Luiz Gustavo 13/14 Bayern Munich Wolfsburg
58%
RW David Neres 16/17 Sao Paulo Ajax
55%
RW David Neres 22/23 Shakhtar Donetsk Benfica
55%
RW David Neres 21/22 Ajax Shakhtar Donetsk
55%
CB Felipe Melo 09/10 Fiorentina Juventus
55%
CB Alex 04/05 Santos Chelsea
54%
DM Andrey Santos 22/23 Vasco da Gama Chelsea
54%
LB Douglas Santos 19/20 Hamburg Zenit
52%
AM Juninho Paulista 97/98 Middlesbrough Atletico Madrid
52%
AM Reinier 19/20 Flamengo Real Madrid
51%
AM Alex Teixeira 15/16 Shakhtar Donetsk Jiangsu Suning
49%
CB Miranda 16/17 Atletico Madrid Inter Milan
49%
CB Roger Ibanez 23/24 Roma Al-Ahli
49%
LW Everton Soares 20/21 Gremio Benfica
48%
ST Wesley Moraes 19/20 Club Brugge Aston Villa
48%
AM Everton Ribeiro 14/15 Cruzeiro Al-Ahli (UAE)
47%
LW Everton 22/23 Benfica Flamengo
46%
RW Gabriel Pereira 23/24 New York City Al-Rayyan
46%
AM Matheus Pereira 21/22 West Bromwich Albion Al-Hilal
46%
DM Danilo Barbosa 18/19 Braga Nice
45%
LW Denilson 98/99 Sao Paulo Real Betis
45%
ST Arthur Cabral 23/24 Fiorentina Benfica
43%
ST Arthur Cabral 21/22 Basel Fiorentina
43%
CM Joao Gomes 22/23 Flamengo Wolverhampton Wanderers
42%
LW Bernard 13/14 Atletico Mineiro Shakhtar Donetsk
39%
CM Gerson 21/22 Flamengo Marseille
39%
CM Gerson 16/17 Fluminense Roma
39%
CM Gerson 22/23 Marseille Flamengo
39%
CM Gerson 19/20 Roma Flamengo
39%
CM Jean Lucas 21/22 Lyon Monaco
39%
ST Lucas Severino 00/01 Athletico Paranaense Rennes
39%
AM Hernanes 13/14 Lazio Inter Milan
38%
AM Hernanes 10/11 Sao Paulo Lazio
38%
AM Hernanes 15/16 Inter Milan Juventus
38%
ST Marcio Amoroso 99/00 Udinese Parma
37%
ST Marcio Amoroso 01/02 Parma Borussia Dortmund
37%
LW Taison 12/13 Metalist Kharkiv Shakhtar Donetsk
35%
RB Dodo 22/23 Shakhtar Donetsk Fiorentina
34%
AM Elano 07/08 Shakhtar Donetsk Manchester City
34%
LW Pepe 21/22 Gremio Porto
34%
ST Willian Jose 22/23 Real Sociedad Real Betis
34%
AM Anderson Talisca 18/19 Benfica Guangzhou Evergrande
33%
CB Igor 23/24 Fiorentina Brighton & Hove Albion
33%
AM Julio Baptista 05/06 Sevilla Real Madrid
33%
ST Jardel 00/01 Porto Galatasaray
30%
ST Yuri Alberto 21/22 Internacional Zenit
30%
ST Deivid Washington 23/24 Santos Chelsea
28%
DM Thiago Mendes 19/20 Lille Lyon
28%
RB Evanilson 03/04 Parma Borussia Dortmund
27%
RB Evanilson 01/02 Borussia Dortmund Parma
27%
AM Matheus Franca 23/24 Flamengo Crystal Palace
26%
RB Vanderson 21/22 Gremio Monaco
26%
LB Dalbert 17/18 Nice Inter Milan
25%
CB Murillo 23/24 Corinthians Nottingham Forest
25%
ST Vagner Love 13/14 CSKA Moscow Shandong Luneng
25%
RB Cicinho 07/08 Real Madrid Roma
23%
DM Edmilson 00/01 Sao Paulo Lyon
23%
ST Fabio Junior 98/99 Cruzeiro Roma
23%
CB Breno 07/08 Sao Paulo Bayern Munich
22%
AM Carlos Eduardo 10/11 Hoffenheim Rubin Kazan
22%
LM Michel Bastos 09/10 Lille Lyon
22%
CM Wendel 20/21 Sporting CP Zenit
22%
RB Bruno Peres 17/18 Torino Roma
21%
ST Nilmar 09/10 Internacional Villarreal
21%
DM Souza 18/19 Fenerbahce Al-Ahli
21%
DM Vinicius Souza 23/24 Lommel Sheffield United
21%
RW Kayky 21/22 Fluminense Manchester City
18%
RW Luiz Araujo 21/22 Lille Atlanta United
18%
RW Luiz Araujo 17/18 Sao Paulo Lille
18%
CB Marlon 21/22 Sassuolo Shakhtar Donetsk
18%
CB Marlon 18/19 Barcelona Sassuolo
18%
LW Mancini 08/09 Roma Inter Milan
17%
CB Marcao 22/23 Galatasaray Sevilla
17%
ST Ricardo Oliveira 09/10 Real Betis Al-Jazira
17%
ST Ricardo Oliveira 06/07 Real Betis Milan
17%
RW Tete 18/19 Gremio Shakhtar Donetsk
17%
AM Claudinho 21/22 RB Bragantino Zenit
16%
CB Jemerson 15/16 Atletico Mineiro Monaco
16%
ST Leandro Damiao 13/14 Internacional Santos
16%
CB Natan 23/24 RB Bragantino Napoli
16%
CM Flavio Conceicao 00/01 Deportivo La Coruna Real Madrid
15%
LW Jeffinho 22/23 Botafogo Lyon
15%
ST Brenner 20/21 Sao Paulo Cincinnati
14%
ST Brenner 23/24 Cincinnati Udinese
14%
CM Gabriel Sara 22/23 Sao Paulo Norwich City
14%
RW Gabriel Veron 22/23 Palmeiras Porto
14%
AM Giovanni 99/00 Barcelona Olympiacos
13%
CB Leo Duarte 19/20 Flamengo Milan
13%
RW Pedrinho 21/22 Benfica Shakhtar Donetsk
13%
RW Pedrinho 20/21 Corinthians Benfica
13%
AM Geovanni 01/02 Cruzeiro Barcelona
12%
ST Keirrison 09/10 Palmeiras Barcelona
12%
AM Ricardo Goulart 14/15 Cruzeiro Guangzhou Evergrande
11%
DM Thiago Maia 17/18 Santos Lille
11%
AM Thiago Neves 15/16 Al-Hilal Al-Jazira
11%
LW Vitinho 18/19 CSKA Moscow Flamengo
11%
CM Giuliano 10/11 Internacional Dnipro Dnipropetrovsk
10%
CM Giuliano 18/19 Fenerbahce Al-Nassr
10%
LB Guilherme Arana 17/18 Corinthians Sevilla
10%
ST Rafael Sobis 08/09 Real Betis Al-Jazira
10%
LW Pedro Rocha 17/18 Gremio Spartak Moscow
9%
ST Catanha 00/01 Malaga Celta Vigo
7%
DM Matuzalem 04/05 Brescia Shakhtar Donetsk
7%
RW Geuvanio 15/16 Santos Tianjin Tianhai
5%
No matching quizzes found
Score Distribution
Percent of People with Each Score
Percentile by Number Answered
Your Score History
You have not taken this quiz